<?xml version="1.0" encoding="UTF-8"?><?xml-stylesheet type="text/xsl" href="static/style.xsl"?><OAI-PMH xmlns="http://www.openarchives.org/OAI/2.0/" xmlns:xsi="http://www.w3.org/2001/XMLSchema-instance" xsi:schemaLocation="http://www.openarchives.org/OAI/2.0/ http://www.openarchives.org/OAI/2.0/OAI-PMH.xsd"><responseDate>2026-06-07T19:16:24Z</responseDate><request verb="GetRecord" identifier="oai:docta.ucm.es:20.500.14352/136583" metadataPrefix="marc">https://docta.ucm.es/rest/oai/request</request><GetRecord><record><header><identifier>oai:docta.ucm.es:20.500.14352/136583</identifier><datestamp>2026-05-08T00:43:58Z</datestamp><setSpec>com_20.500.14352_14</setSpec><setSpec>col_20.500.14352_15</setSpec></header><metadata><record xmlns="http://www.loc.gov/MARC21/slim" xmlns:dcterms="http://purl.org/dc/terms/" xmlns:xsi="http://www.w3.org/2001/XMLSchema-instance" xmlns:doc="http://www.lyncode.com/xoai" xsi:schemaLocation="http://www.loc.gov/MARC21/slim http://www.loc.gov/standards/marcxml/schema/MARC21slim.xsd">
   <leader>00925njm 22002777a 4500</leader>
   <datafield ind2=" " ind1=" " tag="042">
      <subfield code="a">dc</subfield>
   </datafield>
   <datafield ind2=" " ind1=" " tag="720">
      <subfield code="a">García Vitoria, Ignacio</subfield>
      <subfield code="e">author</subfield>
   </datafield>
   <datafield ind2=" " ind1=" " tag="260">
      <subfield code="c">2026-05-04</subfield>
   </datafield>
   <datafield ind2=" " ind1=" " tag="520">
      <subfield code="a">La pérdida de la condición de diputado nacional, derivada del abandono por parte del parlamentario del grupo político en cuyas listas fue elegido, constituye el origen de la Sentencia del Tribunal Europeo de Derechos Humanos de 10 de julio de 2025, dictada en el asunto Tomenko contra Ucrania. El objetivo de este comentario es analizar las novedades que dicha sentencia introduce en la jurisprudencia relativa al derecho a elecciones libres, reconocido en el artículo 3 del Protocolo n.º 1 del Convenio Europeo de Derechos Humanos, y reflexionar sobre si cabe extraer alguna conclusión desde la perspectiva española, más allá de su coincidencia con la temprana jurisprudencia del Tribunal Constitucional que declaró la inconstitucionalidad de la privación del cargo representativo.</subfield>
   </datafield>
   <datafield ind1="8" ind2=" " tag="024">
      <subfield code="a">García Vitoria, I. (2026). El Tribunal Europeo de Derechos Humanos entre la libertad de mandato y la disciplina de partido. Teoría y Realidad Constitucional, (57), 457–475. https://doi.org/10.5944/trc.57.2026.48721</subfield>
   </datafield>
   <datafield ind1="8" ind2=" " tag="024">
      <subfield code="a">10.5944/trc.57.2026.48721</subfield>
   </datafield>
   <datafield ind1="8" ind2=" " tag="024">
      <subfield code="a">https://hdl.handle.net/20.500.14352/136583</subfield>
   </datafield>
   <datafield ind1="8" ind2=" " tag="024">
      <subfield code="a">https://doi.org/10.5944/trc.57.2026.48721</subfield>
   </datafield>
   <datafield ind2="0" ind1="0" tag="245">
      <subfield code="a">El Tribunal Europeo de Derechos Humanos entre la libertad de mandato y la disciplina de partido</subfield>
   </datafield>
</record></metadata></record></GetRecord></OAI-PMH>